|
|
|
|
| LEADER |
01171cam a2200289 7i4500 |
| 001 |
0000078702 |
| 005 |
20230721090000.0 |
| 020 |
|
|
|a 9780137455829 (electronic book)
|
| 090 |
0 |
0 |
|a TK5101.5
|b .B43 2022
|
| 100 |
1 |
|
|a Beasley, Jeffrey S
|
| 245 |
1 |
0 |
|a Networking essentials :
|b a comptia network+ n10-008 textbook
|c Jeffrey S. Beasley and Piyasat Nilkaew.
|
| 250 |
|
|
|a Sixth edition.
|
| 264 |
|
|
|a [Place of publication not identified]:
|b Pearson Education,
|c 2022.
|
| 300 |
|
|
|a 1 online resource (817 pages):
|b illustrations, text file, PDF.
|
| 336 |
|
|
|a text
|2 rdacontent
|
| 337 |
|
|
|a computer
|2 rdamedia
|
| 338 |
|
|
|a online resource
|2 rdacarrier
|
| 490 |
0 |
|
|a Pearson IT cybersecurity curriculum
|
| 650 |
|
0 |
|a Computer networks --
|x Design and construction
|
| 650 |
|
0 |
|a Internetworking (Telecommunication)
|
| 650 |
|
0 |
|a TCP/IP (Computer network protocol)
|
| 655 |
|
0 |
|a Electronic books
|
| 700 |
1 |
|
|a Nilkaew, Piyasat
|
| 856 |
4 |
2 |
|u http://library.unisel.edu.my/web/guest/mylibrary
|
| 997 |
|
|
|a Communication, Visual Art & Computing, Faculty
|b Computing, Department
|
| 998 |
|
|
|a Computer Science, Degree
|
| 999 |
|
|
|a EBO0020769
|b EBOOK
|c EBOOK
|e Electronic resources
|